Biblioteca

La unción (Registro nro. 69037)

Detalles MARC
000 -LÍDER
Campo fijo de descripción fija 01949nam a2200349 i 4500
001 - NÚMERO DE CONTROL
Campo de control 768714001
003 - IDENTIFICADOR DEL NÚMERO DE CONTROL
Campo de control CO-MdFUSB
005 - FECHA Y HORA DE LA ULTIMA TRANSACCIÓN
control field 20240109172741.0
007 - CAMPO FIJO DE DESCRIPCIÓN FIJA--INFORMACIÓN GENERAL
Campo fijo de descripción fija ta
008 - ELEMENTOS DE LONGITUD FIJA -- INFORMACIÓN GENERAL
Campo fijo de descripción fija -- Información general 230922t19982006miu||||g |||| 00| 0 spa d
020 ## - NÚMERO INTERNACIONAL NORMALIZADO PARA LIBROS
Número Internacional Normalizado del libro 0829745831
040 ## - FUENTE DE CATALOGACIÓN
Agencia de catalogación original CO-MdFUSB
Idioma de catalogación spa
Agencia que realiza la transcripción CO-MdFUSB
Agencia que realiza la modificación CO-MdFUSBC
Convenciones de la descripción rda
041 ## - CÓDIGO DE IDIOMA
Código de idioma para texto/pista de sonido o título separado spa
082 ## - NÚMERO DE CLASIFICACIÓN DECIMAL DEWEY
Número de la edición del Dewey 23
Número de clasificación 248.22
Clave de autor-Numero de item K33
100 ## - ASIENTO PRINCIPAL--NOMBRE PERSONAL
Nombre personal Kendall, R.T.
Término relacionador autor
245 #3 - TÍTULO
Título del Material La unción
Parte restante del título - Subtitulo : ayer, hoy y mañana
Mención de responsabilidad, etc. / R. T. Kendall ; traducido por Gisela Sawin Group
264 #1 - PRODUCCIÓN, PUBLICACIÓN, DISTRIBUCIÓN, MANUFACTURA, Y COPYRIGHT
Lugar de producción, publicación, distribución, manufactura Miami, Florida :
Nombre del productor, publicador, distribuidor Vida,
Fecha de producción, publicación, distribución, manufactura, o copyright [1998]
264 #4 - PRODUCCIÓN, PUBLICACIÓN, DISTRIBUCIÓN, MANUFACTURA, Y COPYRIGHT
Fecha de producción, publicación, distribución, manufactura, o copyright ©2006
300 ## - DESCRIPCIÓN FÍSICA
Extensión 222 páginas
Dimensiones ; 22 cm.
336 ## - TIPO DE CONTENIDO
Fuente rdacontent
Término de tipo de contenido texto
Código de tipo de contenido txt
337 ## - TIPO DE MEDIO
Fuente rdamedia
Nombre del tipo de medio sin mediación
Código del tipo de medio n
338 ## - TIPO DE SOPORTE
Fuente rdacarrier
Nombre del tipo de soporte volumen
Código Tipo de soporte nc
504 ## - NOTA DE BIBLIOGRAFÍA, ETC.
Nota de bibliografía, etc Incluye índice
505 ## - NOTA DE CONTENIDO
Nota de contenido con formato preestablecido Parte I. Introducción de la unción -- Parte II. La unción del ayer -- Parte III. La unción de hoy -- Parte IV. La unción de mañana.
520 ## - NOTA DE RESUMEN, ETC.
Nota de sumario, etc. ¿Tiene usted el miedo de ser un yo he-sido? Aunque muchos de nosotros hemos sido bendecidos con la unción del Espíritu Santo, R.T.Kendall cree que es posible abusar de esa unción y convertirse en el hombre o mujer de ayer. Esto ocurre, por ejemplo, cuando tratamos de ir más allá de nuestro llamado y capacidades, o incluso, a través de la impaciencia. <br/>¿Se siente frustrado porque su don no ha sido reconocido? Kendall le dice que su momento llegará; pero tendrá que sufrir el dolor de ser el hombre o la mujer del mañana, siendo mal entendido o ignorado mientras llega ese tiempo. <br/>Repasando la Biblia, especialmente en las vidas de Saul, Samuel y David, así como en su propia experiencia, el autor nos ayuda a identificar nuestra actual utilidad y nos presiona a buscar cada día una unción fresca del Espíritu Santo.
563 ## - NOTA DE ENCUADERNACIÓN
Nota de encuadernación Rústico
650 #0 - ASIENTO SECUNDARIO DE MATERIA - TERMINO TEMÁTICO
9 (RLIN) 19
Término temático o nombre geográfico como elemento de entrada Vida cristiana
653 ## - TÉRMINO DE INDIZACIÓN - NO CONTROLADO
Término no controlado unción del Espíritu Santo
700 ## - ASIENTO SECUNDARIO - NOMBRE PERSONAL
9 (RLIN) 8485
Nombre personal Sawin Group, Gisela,
Responsabilidad traductor
942 ## - TIPO DE MATERIAL (KOHA)
Tipo de Item KOHA Libros General
945 ## - INFORMACIÓN LOCAL DEL REGISTRO
Catalogador sor1564
Existencias
Estado de Material Estado de Perdido Forma de Clasificación Estado de Dañado No para Préstamo Colección Biblioteca de Origen Biblioteca Permanente Fecha de Adquisición Área Total de Préstamos Signatura Topográfica Código de Barras Última vez visto Ejemplar/Existencia Fecha de Remplazo Tipo de Material
    Dewey Decimal Classification     Colección General Biblioteca FUSBC Biblioteca FUSBC 22/09/2023 TEOLOGÍA CRISTIANA   G 248.22 K33u 1016 22/09/2023 Ej. 1 22/09/2023 Libros General

Biblioteca FUSBC | Teléfono: (57+4) 349 88 10 Ext. 141| WhatsApp (+57) 3005338115 
E-mail: biblioteca@unisbc.edu.co | Calle 76 87-14 Robledo Palenque, Medellín, Colombia

Con tecnología Koha